| 000 | 02869cam a2200661 i 4500 | ||
|---|---|---|---|
| 999 | _c2479 | ||
| 001 | 16621714 | ||
| 003 | LIBRIS | ||
| 005 | 20201015140123.0 | ||
| 008 | 140630s2014 xnaa||||||||||001 0|eng|c | ||
| 020 |
_a9780071016209 _qpaperback |
||
| 035 | _a(AuCNLKIN)000050769925 | ||
| 040 |
_aANL _dMho _ei |
||
| 041 | _aeng | ||
| 042 | _aanuc | ||
| 082 | 0 | 4 |
_a613 _223 |
| 084 |
_aVnaaa _2kssb/8 (machine generated) |
||
| 100 | 1 |
_aBauman, Adrian E. _q(Adrian Ernest) _eauthor. _4aut. |
|
| 245 | 1 | 0 |
_aEvaluation in a nutshell : _ba practical guide to the evaluation of health promotion programs / _cAdrian Bauman & Don Nutbeam. |
| 250 | _a2. ed. | ||
| 264 | 1 |
_aNorth Ryde, N.S.W. _bMcGraw-Hill, _c2014 |
|
| 264 | 1 |
_aNorth Ryde, N.S.W. _bMcGraw-Hill, _c2014 |
|
| 300 |
_axiv, 154 pages _billustrations _c21 cm. |
||
| 336 |
_atext _btxt _2rdacontent |
||
| 337 |
_aunmediated _bn _2rdamedia |
||
| 338 |
_avolume _bnc _2rdacarrier |
||
| 340 | _b21 cm. | ||
| 500 | _aPrevious ed.: 2006. | ||
| 504 | _aIncludes bibliographical references and index. | ||
| 650 | 7 |
_aHälsofrämjande arbete _xutvädering _2sao |
|
| 650 | 7 |
_aHälsokampanjer _xutvädering _2sao |
|
| 650 | 0 | _aHealth promotion. | |
| 650 | 0 | _aHealth planning. | |
| 700 | 1 |
_aNutbeam, Don _eauthor. _4aut. |
|
| 700 | 1 | _aBauman, Adrian | |
| 887 |
_a{"@id":"sb4c9qp45qb2jkg","modified":"2016-05-04T10:52:58+02:00","checksum":"187371152746"} _2librisxl |
||
| 887 |
_a{"@id":"t3cbn6hcrwb861xm","modified":"2018-12-10T16:55:41.38+01:00","checksum":"54039395993"} _2librisxl |
||
| 887 |
_a{"@id":"tz686hv058gdbhq","modified":"2016-08-22T09:44:26+02:00","checksum":"76319709011"} _2librisxl |
||
| 887 |
_a{"@id":"dqv6bt3bb3613htw","modified":"2020-04-15T09:37:05.728+02:00","checksum":"52851097735"} _2librisxl |
||
| 887 |
_a{"@id":"x8dqvd8nv1g0msrv","modified":"2020-04-15T09:37:23.554+02:00","checksum":"42825430558"} _2librisxl |
||
| 887 |
_a{"@id":"glsgcvvm4bhsnwk","modified":"2015-11-06T10:31:38+01:00","checksum":"50748542441"} _2librisxl |
||
| 887 |
_a{"@id":"kpxx2c3q5l9ll3h","modified":"2016-10-17T15:07:26+02:00","checksum":"76443673952"} _2librisxl |
||
| 887 |
_a{"@id":"04c94jm50wksr4r","modified":"2016-03-01T14:22:01+01:00","checksum":"42133245616"} _2librisxl |
||
| 942 |
_2z _cBOOK |
||